Statistiques concernant États des États-Unis par frontières en 30 secondes.

Cliquez ici pour prendre le quiz!

Statistiques générales

  • Ce quiz a été pris 2 178 fois
  • Le résultat moyen est 34 sur 50

Réponses sur la Carte

Les réponses sont colorées sur une échelle allant du rouge au vert en fonction du pourcentage des utilisateurs qui les ont devinées à leur premier essai. Vous pouvez retrouver ces pourcentages ci-dessous.
 

Statistiques - réponses

États frontaliersÉtats% Correct
Arizona, Californie, Idaho, Oregon, UtahNevada
95%
Arkansas, Colorado, Kansas, Missouri, Nouveau-Mexique, TexasOklahoma
95%
Californie, Colorado, Nevada, Nouveau-Mexique, UtahArizona
94%
Arizona, Colorado, Oklahoma, Texas, UtahNouveau-Mexique
94%
Californie, Idaho, Nevada, WashingtonOregon
94%
Louisiane, Mississippi, Missouri, Oklahoma, Tennessee, TexasArkansas
93%
Arkansas, Louisiane, Nouveau-Mexique, OklahomaTexas
91%
Arizona, Nevada, OregonCalifornie
90%
Montana, Nevada, Oregon, Utah, Washington, WyomingIdaho
90%
Arkansas, Mississippi, TexasLouisiane
87%
Alabama, Floride, Caroline du Nord, Caroline du Sud, TennesseeGeorgie
84%
Arizona, Colorado, Idaho, Nevada, Nouveau-Mexique, WyomingUtah
84%
Colorado, Idaho, Montana, Nebraska, Dakota du Sud, UtahWyoming
84%
Floride, Georgie, Mississippi, TennesseeAlabama
83%
Arizona, Kansas, Nebraska, Nouveau-Mexique, Oklahoma, Utah, WyomingColorado
80%
Alabama, GeorgieFloride
79%
Colorado, Iowa, Kansas, Missouri, Dakota du Sud, WyomingNebraska
78%
Alabama, Arkansas, Georgie, Kentucky, Mississippi, Missouri, Caroline du Nord, VirginieTennessee
78%
Delaware, Maryland, New Jersey, New York, Ohio, Virginie OccidentalePennsylvanie
77%
Arkansas, Illinois, Iowa, Kansas, Kentucky, Nebraska, Oklahoma, TennesseeMissouri
76%
Iowa, Minnesota, Montana, Nebraska, Dakota du Nord, WyomingDakota du Sud
75%
Illinois, Indiana, Missouri, Ohio, Tennessee, Virginie, Virginie OccidentaleKentucky
75%
Idaho, Dakota du Nord, Dakota du Sud, WyomingMontana
74%
Connecticut, Massachusetts, New Jersey, Pennsylvanie, VermontNew York
72%
Illinois, Kentucky, Michigan, OhioIndiana
69%
Illinois, Minnesota, Missouri, Nebraska, Dakota du Sud, WisconsinIowa
69%
Connecticut, New Hampshire, New York, Rhode Island, VermontMassachusetts
68%
Idaho, OregonWashington
68%
Delaware, New York, PennsylvanieNew Jersey
67%
Colorado, Missouri, Nebraska, OklahomaKansas
65%
Indiana, Kentucky, Michigan, Pennsylvanie, West Virginie OccidentaleOhio
65%
Indiana, Iowa, Kentucky, Missouri, WisconsinIllinois
64%
Massachusetts, New Hampshire, New YorkVermont
63%
Illinois, Iowa, Michigan, MinnesotaWisconsin
62%
Massachusetts, New York, Rhode IslandConnecticut
60%
Minnesota, Montana, Dakota du SudDakota du Nord
60%
Kentucky, Maryland, Ohio, Pennsylvanie, VirginieVirginie Occidentale
60%
Georgie, Caroline du Sud, Tennessee, VirginieCaroline du Nord
59%
Iowa, Dakota du Nord, Dakota du Sud, WisconsinMinnesota
57%
Indiana, Ohio, WisconsinMichigan
55%
Kentucky, Maryland, Caroline du Nord, Tennessee, Virginie OccidentaleVirginie
54%
Alabama, Arkansas, Louisiane, TennesseeMississippi
51%
Maine, Massachusetts, VermontNew Hampshire
47%
Alaska
44%
Delaware, Pennsylvania, Virginie, Virginie OccidentaleMaryland
43%
New HampshireMaine
39%
Georgie, Caroline du NordCaroline du Sud
37%
Hawaii
32%
Maryland, New Jersey, PennsylvanieDelaware
30%
Connecticut, MassachusettsRhode Island
17%

Distribution des résultats

Percentile par nombre de réponses

% des personnes avec chaque résultat

Votre développement - résultats

Vous n’avez pas pris ce quiz